Normal view
MARC view
- Erbschloe, Michael
Entry Personal Name
001 - CONTROL NUMBER
- control field: 101004
003 - CONTROL NUMBER IDENTIFIER
- control field: NUST
005 - DATE AND TIME OF LATEST TRANSACTION
- control field: 20221020140216.0
008 - FIXED-LENGTH DATA ELEMENTS
- fixed length control field: 221020|| aca||aabn | a|a d
040 ## - CATALOGING SOURCE
- Original cataloging agency: NUST
- Transcribing agency: NUST
100 ## - HEADING--PERSONAL NAME
- Personal name: Erbschloe, Michael
670 ## - SOURCE DATA FOUND
- Source citation: Work cat.: (NUST)180173: Erbschloe, Michael,, Information warfare :, c2001.
